000 00491nam a2200181Ia 4500
008 090124s9999 xx 000 0 und d
082 _b129326
100 _aफडणीस शकुंतला
245 _a होल्डॉल
250 _a1
260 _c2000
300 _a96
600 _aफडणीस शकुंतला
630 _a होल्डॉल
700 _aफडणीस शकुंतला
730 _a होल्डॉल
942 _cBOOK
999 _c175415
_d175415